Surface water supply of lower western Mississippi River drainage, 1906. (Record no. 24697)

MARC details
000 -LEADER
fixed length control field 01350cam a22002891 4500
001 - CONTROL NUMBER
control field gs 07001572
003 - CONTROL NUMBER IDENTIFIER
control field DLC
005 - DATE AND TIME OF LATEST TRANSACTION
control field 20260227111307.0
008 - FIXED-LENGTH DATA ELEMENTS--GENERAL INFORMATION
fixed length control field 840925s1907 dcuabf f000 0 eng c
010 ## - LIBRARY OF CONGRESS CONTROL NUMBER
LC control number gs 07001572
035 ## - SYSTEM CONTROL NUMBER
System control number (OCoLC)11195490
040 ## - CATALOGING SOURCE
Original cataloging agency Library, U.S. Geological Survey
Transcribing agency CLS
Modifying agency OCoLC
-- DLC
042 ## - AUTHENTICATION CODE
Authentication code premarc
050 00 - LIBRARY OF CONGRESS CALL NUMBER
Classification number TC801
Item number .U2 no. 209
051 ## - LIBRARY OF CONGRESS COPY, ISSUE, OFFPRINT STATEMENT
Classification number Gb1215
Item number .U59 no. 63
Copy information Copy 2
110 2# - MAIN ENTRY--CORPORATE NAME
Corporate name or jurisdiction name as entry element Geological Survey (U.S.)
245 10 - TITLE STATEMENT
Title Surface water supply of lower western Mississippi River drainage, 1906.
Statement of responsibility, etc. R.I. Meeker and J.M. Giles, district hydrographers.
260 ## - PUBLICATION, DISTRIBUTION, ETC.
Place of publication, distribution, etc. Washington,
Name of publisher, distributor, etc. Govt. Print. Off.,
Date of publication, distribution, etc. 1907.
300 ## - PHYSICAL DESCRIPTION
Extent iv, 79, i, [1] p.
Other physical details illus., II pl. (incl. fold. map) diagr.
Dimensions 23 cm.
490 0# - SERIES STATEMENT
Series statement U.S. Geological survey. Water-supply and irrigation paper
Volume/sequential designation no. 209
490 0# - SERIES STATEMENT
Series statement P, Hydrographic progress reports,
Volume/sequential designation 63
500 ## - GENERAL NOTE
General note "This report contains information similar to that published in previous years under the title 'Report on progress of stream measurements'."
501 ## - WITH NOTE
With note TC801.U2 no. 209 with : Surface water supply of Missouri river drainage, 1906. Washington : Govt. Print. Off., 1907. Bound together subsequent to publication.
Institution to which field applies DLC
650 #0 - SUBJECT ADDED ENTRY--TOPICAL TERM
Topical term or geographic name entry element Water-supply
Geographic subdivision Lower Mississippi River Valley.
700 1# - ADDED ENTRY--PERSONAL NAME
Personal name Meeker, Ralph Inman,
Dates associated with a name 1878-
700 1# - ADDED ENTRY--PERSONAL NAME
Personal name Giles, James Marvin,
Dates associated with a name 1875-

No items available.

Powered by Koha